Statistics for Countries by their Former Flag (Easy)

Click here to take the quiz!

General Stats

  • This quiz has been taken 41 times
  • The average score is 14 of 16

Answer Stats

Answer% Correct
French Republic
100%
Swiss Confederacy
100%
Commonwealth of England, Scotland and Ireland
94%
Francoist Spain
94%
Greek Military Junta
94%
Mexican Republic
94%
Ottoman Empire/Republic of Turkey
94%
Dutch Republic
91%
Empire of Brazil
91%
Swedish Empire
91%
German Democratic Republic
88%
Italian Empire
88%
Islamic Republic of Afghanistan
82%
Empire of Portugal
79%
Russian Soviet Federative Republic
70%
Mongol Empire
52%

Score Distribution

Percentile by Number Answered

Percent of People with Each Score

Your Score History

You have not taken this quiz